| 000 | 005220000a22001810004500 | ||
|---|---|---|---|
| 003 | MACL | ||
| 005 | 20160217114042.0 | ||
| 008 | 160217b xxu||||| |||| 00| 0 eng d | ||
| 040 |
_aMACL _cMACL |
||
| 041 | _aHindi | ||
| 082 | _a370 | ||
| 100 |
_aसिंह जगत _937201 |
||
| 245 | _aसमस्या ग्रस्त बालक | ||
| 260 |
_bप्रभात प्रकाशन _c1982 _aनई दिल्ली |
||
| 350 | _a30 | ||
| 650 |
_aEducation _938599 |
||
| 942 |
_cHIN _k370 _2ddc |
||
| 999 |
_c27861 _d27861 |
||